Sports Quiz

Random Sports or MLB Quiz

Big 4 Athletes Mapped Out Quiz Stats

 Plays Quiz Updated May 31, 2017

Challenge
Share
Tweet
Score 0/22 Timer 10:00
5 Plays Today
% Correct
Lebron James: CLE → MIA → CLE → LAL
91.3%
Wayne Gretzky: EDM → LAK → STL → NYR
84.2%
Brett Favre: ATL → GNB → (retirement) → NYJ → (retirement) → MIN
79.1%
Ken Griffey Jr.: SEA → CIN → CHW → SEA
70.3%
Wilt Chamberlain: PHW → SFW → PHI → LAL
62.3%
Hank Aaron: MLN → ATL → MIL
59.8%
Michael Jordan: CHI → (retirement) → CHI → (retirement) → WSH
58.8%
Jerry Rice: SFO → OAK → SEA
53.4%
Steve Nash: PHO → DAL → PHO → LAL
52.8%
Warren Moon: EDM (CFL) → HOU → MIN → SEA → KC
46.2%
Alex Rodriguez: SEA → TEX → NYY
45.9%
% Correct
Roger Clemens: BOS → TOR → NYY → HOU → NYY
42.8%
Julius Peppers: CAR → CHI → GNB
39.9%
Terrell Owens: SFO → BAL → PHI → DAL → BUF → CIN
31.2%
Jarome Iginla: CGY → PIT → BOS → COL → LAK
27.2%
Vinny Testaverde: TAM → CLE → BAL → NYJ → DAL → NYJ → NWE → CAR
22.6%
Jose Canseco: OAK → TEX → BOS → OAK → TOR → TBD → NYY → CHW
21.6%
Brett Hull: CGY → STL → DAL → DET → PHX
20%
Reggie Jackson: KCA → OAK → BAL → NYY → CAL → OAK
20%
Dominik Hasek: CHI → BUF → DET → OTT → DET
16.8%
Chris Chelios: MTL → CHI → DET → ATL
16.7%
Dino Ciccarelli: MNS → WSH → DET → TBL → FLA
3.9%

You're not logged in!

Compare scores with friends on all Sporcle quizzes.
OR
Log In

You Might Also Like...

Show Comments

Extras

Top Quizzes Today


Score Distribution

Your Account Isn't Verified!

In order to create a playlist on Sporcle, you need to verify the email address you used during registration. Go to your Sporcle Settings to finish the process.

Report this User

Report this user for behavior that violates our Community Guidelines.

Details: